| 000 | 00423nam a2200157 a 4500 | ||
|---|---|---|---|
| 001 | 1878 | ||
| 003 | CDMR | ||
| 005 | 20130729104509.0 | ||
| 008 | 130130s1990||||||||||||||||||||||||||||d | ||
| 040 |
_aCDMR _bcat _cCPC GIRONA |
||
| 100 | 1 |
_aCompte, Albert _91401 |
|
| 245 | 1 | 3 |
_aLa Jonquera _cCompte, Albert |
| 260 |
_c1990 _bDiputació de Girona; Caixa Girona |
||
| 490 | 0 |
_aQuaderns de la Revista de Girona _v27 |
|
| 942 |
_cMON _2udc |
||
| 999 |
_c1878 _d1878 |
||